000 01091nam0a22002651 4500
001 rc\290408
005 20030307121101.6
035 _a(NLR Aleph) 005521708
090 _a5515148
_c5515148
100 _a20030307d1990 u |0rusy50 ca
101 0 _arus
102 _aRU
105 _aa |||||||||
200 1 _aКонцептуальные основы создания средств анализа и прогнозирования потребности народного хозяйства региона в электроэнергии
210 _aКиев
_cИн-т пробл. энергосбережения
_d1990
215 _a34 с.
_cсхем.
_d20
225 1 _aПрепринт
_fАН УССР, Ин-т пробл. энергосбережения
_v90-18
320 _aБиблиогр.: с. 33
700 1 _aБлавдзевич
_bЮ. Г.
_gЮрий Георгиевич
701 1 _aКомова
_bС. К.
_gСветлана Константиновна
801 0 _aRU
_bNLR
_gpsbo
801 1 _aRU
_bELAR
_2rusmarc
852 _aNLR
_j91-4/1205
942 _cBOOK
980 _aNB